000
00328nam a22001457a 4500
008
210531b ||||| |||| 00| 0 eng d
020
_a
0060413026
041
_a
eng
080
_2
3rd
_a
336
082
_a
336
100
_a
56
101
_a
FIN
245
_a
Finance Environment and Decisions
_c
Christy,G.A
942
_2
udc
_c
BK
999
_c
57825
_d
57825